[Event "Bois Gentil op"]
[Site "Geneve"]
[Date "2017.02.24"]
[Round "6"]
[White "Horn, Gilles"]
[Black "Mabrouk, Ouatas"]
[Result "0-1"]
[WhiteElo "1611"]
[BlackElo "1357"]
[PlyCount "98"]
[EventDate "2017.01.13"]
[EventType "swiss"]
[EventRounds "7"]
[EventCountry "SUI"]
[SourceTitle "EXT 2018"]
[Source "ChessBase"]
[SourceDate "2017.10.13"]
[SourceVersion "1"]
[SourceVersionDate "2017.10.13"]
[SourceQuality "1"]

1. e4 e6 2. d4 g6 3. f4 Nc6 4. Nf3 Be7 5. a3 b6 6. Nc3 Bh4+ 7. Nxh4 Qxh4+ 8. g3 Qd8 9. Be3 Bb7 10. Qd2 Nf6 11. Bg2 Qe7 12. 0-0-0 0-0-0 13. e5 Ne8 14. d5 Na5 15. d6 cxd6 16. exd6 Nxd6 17. Qxd6 Qxd6 18. Rxd6 Bxg2 19. Rg1 Bc6 20. Bd4 Rhe8 21. Bf6 Kc7 22. Rgd1 Rb8 23. Be5 Kc8 24. R6d4 Rb7 25. b4 Bf3 26. Rf1 Nc6 27. Rc4 Bd5 28. Nxd5 exd5 29. Rc3 d4 30. Bxd4 Rc7 31. Be5 Nxe5 32. fxe5 Rxe5 33. Rxc7+ Kxc7 34. Rxf7 h5 35. Kd2 Rd5+ 36. Ke2 a5 37. Rf6 g5 38. h3 axb4 39. axb4 Re5+ 40. Kd3 Re1 41. Rf5 Rh1 42. Rxg5 Rxh3 43. b5 h4 44. Ke4 hxg3 45. Kf3 Kd6 46. c4 Rh4 47. Rd5+ Ke6 48. Kxg3 Rxc4 49. Rh5 Kd6 0-1